BIBLIOTHÈQUE DE LA MAISON DU MEXIQUE

Logo 1 Logo 2

Códice Ixtlilxóchitl (notice nᵒ 10946)

détails MARC
000 -Sello discográfico
campo de control de longitud fija 01290nam a2200373 4500
005 - Identificación de versión
campo de control 20251016082712.0
010 ## - Número Estándar Internacional de Libros (ISBN)
Número (ISBN) 968-16-4929-X
035 ## - Otros números de control del sistema
Número de control del sistema 12210
099 ## - fechas locales
Tipo de ítem Koha LIBRO
100 ## - Datos de procesamiento general
Datos de procesamiento general 20040303d1996 m y1spay5003 ba
105 ## - Campo de datos codificados: Material textual, monográfico
Datos codificados de monografía a 001zy
200 1# - Título y mención de responsabilidad
Título propio Códice Ixtlilxóchitl
Designación general del material texto impreso
Otra información del título apuntes y pinturas de un historiador : estudio de un documento colonial que trata del calendario naua : Colección Goupil, volumen 2, números 65 a 71
Primer mención de responsabilidad Introducción y explicación Geert Bastiaan van Doesburg
Declaración de responsabilidad subsiguiente contribución Florencia Carrera González
210 ## - Publicación, distribución, etc.
Lugar de publicación, distribución, etc. Austria, México
Nombre del editor, distribuidor, etc. Akademische Druckund Verlagsanstalt : Fondo de Cultura Económica
Fecha de publicación, distribución, etc. 1996
215 ## - Descripción física
Designación de material específico y extensión del ítem 246 p
Otras características físicas il.
Dimensiones 29 cm
Material acompañante 7 h pleg
318 ## - Nota de acción
Acción No se presta a domicilio
345 ## - Nota de información de adquisición
Fuente de adquisición/dirección de la suscripción [OBSOLETO] Donación
410 #1 - Series
Título Códices Mesoamericanos
Número de volumen XI
606 ## - Término temático usado como materia
Elemento de entrada Códice Ixtlilxochitl
Número Koha 17530
606 ## - Término temático usado como materia
Elemento de entrada Códices mexicanos
Número Koha 3395
676 ## - Clasificación Decimal Dewey
Número F972.01 B324ci
702 ## - Nombre personal - Responsabilidad secundaria
Elemento de entrada Bastiaan van Doesburg
Parte del nombre distinta del elemento de entrada Geert
Número Koha 17531
702 ## - Nombre personal - Responsabilidad secundaria
Elemento de entrada Carrera González
Parte del nombre distinta del elemento de entrada Florencia
Número Koha 17532
801 #0 - Fuente de origen
Agencia cm
900 ## -
-- 1/6809
900 ## -
-- 7100418572\030304
942 ## - ELEMENTOS DE ENTRADA SECUNDARIOS (KOHA)
Tipo de ítem Koha Livre

Pas d'exemplaire disponible.